| 000 | 01171nam a22003015a 4500 | ||
|---|---|---|---|
| 999 |
_c16999 _d16971 |
||
| 005 | 20190105122714.0 | ||
| 006 | m||||fq||h f00| 0 | ||
| 008 | 120912s2016 enka fr f000 0 eng d | ||
| 020 | _a0194741664 | ||
| 020 | _a9780194741668 | ||
| 040 |
_aEG-ScBUE _beng _cEG-ScBUE _dEG-ScBUE |
||
| 082 | 0 | 4 |
_a428.24 _bPHI _222 |
| 100 | 1 |
_aPhilpot, Sarah _930903 |
|
| 245 | 1 | 0 |
_aAcademic skills : _blistening, speaking, and study skills. _nLevel 2, _pTeacher's guide / _cSarah Philpot and Lesley Curnick. |
| 246 | 3 | 3 | _aHeadway academic skills |
| 246 | 3 | 0 | _aListening, speaking, and study skills |
| 260 |
_aOxford : _bOxford University Press, _c2016. |
||
| 300 |
_a79 p. : _bill. ; _c28 cm. + _e1 CD-ROM (4 3/4 in.) |
||
| 490 | 0 | _aHeadway academic skills | |
| 521 | _aLevel B1 | ||
| 650 |
_aEnglish language _xStudy and teaching _930904 _2BUEsh |
||
| 651 | _2BUEsh | ||
| 653 | _cAugust2015 | ||
| 700 | 1 |
_aCurnick, Lesley _919904 |
|
| 856 | 4 | 2 |
_3For all testing needs online _uhttps://www.oxfordenglishtesting.com/DefaultMR.aspx?id=3034&menuId=1 |
| 856 | 4 | 2 |
_3Audio for review sections free online _uhttps://elt.oup.com/student/headway/audio?cc=eg&selLanguage=en |
| 942 | _2ddc | ||